| 000 | 00000nam##2200000za#4500 |
| 001 | 9.609295 |
| 003 | CaOODSP |
| 005 | 20200327113532 |
| 007 | ta |
| 008 | 150406|1991||||xxc||||| f|0| 0 eng|d |
| 020 | |a0-662-18325-8 |
| 040 | |aCaOODSP|beng |
| 043 | |an-cn--- |
| 086 | 1 |aA54-8/1991-2E |
| 110 | 1 |aCanada.|bAgriculture Canada.|bResearch Branch. |
| 245 | 10|aResearch with Finnsheep in Canada / |cby M. H. Fahmy. |
| 260 | |aOttawa - Ontario : |bAgriculture Canada. |c1991. |
| 300 | |a52p. : |breferences, tables ; |c28 cm. |
| 490 | 1 |aTechnical bulletin|v1991-2E |
| 546 | |aRésumé en français |
| 563 | |aSoftcover |
| 720 | 1 |aFahmy, M. H. |
| 776 | 0#|tResearch with Finnsheep in Canada |w(CaOODSP)9.581638 |
| 830 | #0|aTechnical bulletin ;|v1991-2E|w(CaOODSP)9.514411 |